Multiple-Choice-Stadtquiz Mönchengladbach - Statistiken

Allgemein
  • Dieses Quiz wurde 1.451 mal gespielt
  • Das Durchschnittsergebnis liegt bei 6 aus 10
Antwortstatistiken
Frage Antwort % Korrekt
In welchem Bundesland liegt Mönchengladbach? Nordrhein-Westfalen
97%
Wie heißt der bekannteste Fußballverein der Stadt? Borussia Mönchengladbach
95%
Wie heißt das Stadion dieses Vereins? Borussia Park
88%
Zu welcher Region gehört Mönchengladbach? Niederrhein
79%
Wie heißt der Stadtteil, der 1975 in die Stadt Mönchengladbach eingemeindet wurde Rheydt
65%
Mönchengladbach ist die einzige deutsche Großstadt mit … zwei Hauptbahnhöfen
59%
Wie viele Einwohner hat Mönchengladbach ungefähr? 270.000
46%
Welches berühmte Kirchengebäude gibt es in Mönchengladbach? Münster St. Vitus
38%
Welche Großveranstaltung zieht in Mönchengladbach jährlich viele Besucher an? Karneval
36%
Welches Museum für bildende Kunst findet man in Mönchengladbach? Museum Abteiberg
28%
Keine übereinstimmenden Quizze gefunden
Verteilung der Resultate
Anzahl Personen mit jedem Resultat
Perzentil nach korrekt beantworteten Fragen
Ihre Resultats-Entwicklung
Sie haben dieses Quiz noch nicht gespielt